LEADER 00975naa a2200217 u 4500 001 000000099724 003 CaOOAMICUS 005 20070226130159.0 008 051006s2001 it u000 u fre u 035 $a11061987 040 $aIAR$bita 100 1 $aPrigent, Pierre.$0(OLS)http://pul/name/8920 245 10$a[Recensione :] T.F. Mathews: The clash of gods. A reinterpretation of early Christian art /$cPierre Prigent. 260 $aBologna :$bEd. Dehoniane,$c2001. 300 $aS. 473-476 ;$c22 cm 600 14$aMathews, Thomas F.$tClash of gods.$0(OLS)http://pul/subject/31991 730 0 $aCristianesimo nella storia$g[Spogli].$0(OLS)http://pul/title/7312 773 0 $aCristianesimo nella storia ;.$tvol. XXII (2001) 773 0 $tCristianesimo nella storia$w()5012 996 $6245$a[Recensione :] T.F. Mathews: The clash of gods. A reinterpretation of early Christian art$9(OLS)http://pul/title/126603 996 $6260$aBologna :$bEd. Dehoniane$9(OLS)http://pul/publisher/48282 LEADER 01081nam a2200253 u 4500 001 000000065530 003 CaOOAMICUS 005 20070226121457.0 008 011210s1914 it u000 u ita u 035 $a10913344 040 $aPUL(R)$bita 100 1 $aZini, Zino.$0(OLS)http://pul/name/44103 245 13$aLa doppia maschera dell'universo :$bfilosofia del tempo e dello spazio /$cZino Zini. 260 $aMilano :$bFratelli Bocca,$c1914. 300 $aviii, 538 p. ;$c20 cm 490 1 $aPiccola biblioteca di scienze moderne ;$v68 650 4$aTempo (filosofia).$0(OLS)http://pul/subject/8504 650 4$aSpazio (Filosofia).$0(OLS)http://pul/subject/22338 830 0$aBiblioteca di scienze moderne ;$v68.$0(OLS)http://pul/title/412 850 $aPUL 852 $aPUL$W1$xDP2 Filosofia 1$y62$m93 H 26$j84824$nBK-PRI$b $qStampati$B84824$CPULBib$Z2$F84824 $81 941 1 $a8 996 $6245$aLa doppia maschera dell'universo :$bfilosofia del tempo e dello spazio$9(OLS)http://pul/title/87147 996 $6260$aMilano :$bFratelli Bocca$9(OLS)http://pul/publisher/49904